Ekonomika zdravotnických zařízení /

Hlavní autor: Hospodková, Petra
Korporativní autor: České vysoké učení technické v Praze. Fakulta biomedicínského inženýrství
Jazyk: Čeština
Vydáno: Praha : České vysoké učení technické v Praze, 2024
Vydání: 1. vydání
Témata:
Fyzický popis: 109 stran : barevné ilustrace ; 30 cm
Knihy
Uloženo v:
LEADER 01883nam a2200481 i 4500
001 nkc20243643277
003 CZ PrNK
005 20241216083332.0
007 ta
008 241115s2024 xr a e p 000 0 cze
015 |a cnb003643277 
020 |a 978-80-01-07333-9  |q (brožováno) 
035 |a (OCoLC)1483792033 
040 |a OLA001  |b cze  |d BOA001  |e rda 
072 7 |a 614  |x Veřejné zdraví a hygiena  |2 Konspekt  |9 14 
072 7 |a 37.016  |x Učební osnovy. Vyučovací předměty. Učebnice  |2 Konspekt  |9 22 
080 |a 614.21  |2 MRF 
080 |a 614.2:33  |2 MRF 
080 |a (075.8)  |2 MRF 
100 1 |a Hospodková, Petra  |7 xx0280482  |4 aut 
245 1 0 |a Ekonomika zdravotnických zařízení /  |c Petra Hospodková 
250 |a 1. vydání 
264 1 |a Praha :  |b České vysoké učení technické v Praze,  |c 2024 
300 |a 109 stran :  |b barevné ilustrace ;  |c 30 cm 
336 |a text  |b txt  |2 rdacontent 
337 |a bez média  |b n  |2 rdamedia 
338 |a svazek  |b nc  |2 rdacarrier 
500 |a "Studijní program: Systémová integrace procesů ve zdravotnictví" 
500 |a Na obálce pod názvem: Fakulta biomedicínského inženýrství ČVUT v Praze 
504 |a Obsahuje bibliografii 
650 0 7 |a zdravotnická zařízení  |7 ph116744  |2 czenas 
650 0 7 |a ekonomika zdravotnictví  |7 ph182335  |2 czenas 
650 0 9 |a health facilities  |2 eczenas 
650 0 9 |a medical economics  |2 eczenas 
655 7 |a učebnice vysokých škol  |7 fd133772  |2 czenas 
655 9 |a textbooks (higher)  |2 eczenas 
710 2 |a České vysoké učení technické v Praze.  |b Fakulta biomedicínského inženýrství  |7 xx0036074  |4 isb 
910 2 |a BOA001  |b 4-1536.703 
928 9 |a Česká technika - nakladatelství ČVUT 
990 |a BK 
995 |a 01 
991 |b 202412  |c NOV 
996 6 |b 2610988369  |c 4-1536.703  |l MZK  |r Sklad / do 1 hodiny  |n 0  |p p.v.  |w 001986744  |u 000010  |a 1  |e BOA001  |j MZK50  |s P